A hagyományos és a biológiai termesztéstechnológiák összehasonlítása a búza ágazatban
Elmentve itt :
| Szerző: | |
|---|---|
| További közreműködők: | |
| Dokumentumtípus: | Szakdolgozat |
| Megjelent: |
2010
|
| Kulcsszavak: | Búzatermesztés Termesztéstechnológia Biogazdálkodás |
| Tárgyszavak: | |
| Online Access: | http://diploma.bibl.u-szeged.hu/102489 |
| LEADER | 00741nta a2200217 i 4500 | ||
|---|---|---|---|
| 001 | dipl102489 | ||
| 005 | 20211125095446.0 | ||
| 008 | 211109s2010 hu om 0|| zxx d | ||
| 040 | |a SZTE Diploma Repozitórium |b hun | ||
| 041 | |a zxx | ||
| 100 | 1 | |a Túri András | |
| 245 | 1 | 2 | |a A hagyományos és a biológiai termesztéstechnológiák összehasonlítása a búza ágazatban |h [elektronikus dokumentum] / |c András Túri |
| 260 | |c 2010 | ||
| 300 | |a 55 | ||
| 650 | 4 | |a Agrár | |
| 650 | 4 | |a Plant cropping systems | |
| 695 | |a Búzatermesztés | ||
| 695 | |a Termesztéstechnológia | ||
| 695 | |a Biogazdálkodás | ||
| 700 | 1 | |a Kristó István |e ths | |
| 856 | 4 | 0 | |u http://diploma.bibl.u-szeged.hu/id/eprint/102489/2/2010_turi_andras.pdf |z Dokumentum-elérés |